000 00318nam a22001457a 4500
008 221012b ||||| |||| 00| 0 eng d
020 _a2900716787241
041 _aeng
080 _2SIXTH EDITION
_a575
082 _a575 BER
100 _a13
101 _aBIO
245 _aBIOCHEMISTRY
_cBERG J
942 _2udc
_cBK
999 _c58508
_d58508